| 000 | 00680nam a2200253Ia 4500 | ||
|---|---|---|---|
| 003 | OSt | ||
| 005 | 20251008190713.0 | ||
| 008 | 210423s1996 xx 000 0 und d | ||
| 040 | _cAL | ||
| 041 | _aEnglish | ||
| 082 |
_a340 _bKUMC |
||
| 100 |
_aGyanandra Kumar _9241798 |
||
| 245 | _aLal's commentaries on water and air pollution laws | ||
| 250 | _a3 | ||
| 260 |
_aDelhi _bDelhi Law House _c1996 |
||
| 300 | _acxi,1423 | ||
| 365 |
_b700 _cINR |
||
| 650 |
_aLaw _9108089 |
||
| 650 |
_aSocial Sciences _9108090 |
||
| 700 |
_aAsthana, K B _9241799 |
||
| 700 |
_aGadi, S K _9241800 |
||
| 906 | _aair ; commentaries ; Lal ; laws ; pollution ; s ; water | ||
| 942 |
_2ddc _cBK |
||
| 999 |
_c172387 _d172387 |
||